Improving public management through capacity-building : a review of the literature /

Bibliographic Details
Main Author: Honadle, Beth Walter
Format: Book
Language:English
Published: Chicago, Ill. : Council of Planning Librarians, 1981.
Series:CPL bibliography ; no. 69.
Subjects:

MARC

Tag First Indicator Second Indicator Subfields
LEADER 00000cam a22000008a 4500
001 in00000077956
005 20151008055101.0
008 811217s1981 ilu b 00010 eng
010 |a  81019629  
020 |a 0866020691 
035 |a (OCoLC)08109660 
035 |9 AAJ2509AM 
039 0 |a 2  |b 3  |c 3  |d 3  |e 3 
040 |a DLC  |c DLC  |d TXA  |d UtOrBLW 
043 |a n-us--- 
049 |a TXAM  |c [1672657] 
050 0 0 |a JF1411  |b .H64 
082 0 |a 350.007  |2 19 
100 1 |a Honadle, Beth Walter. 
245 1 0 |a Improving public management through capacity-building :  |b a review of the literature /  |c by Beth Walter Honadle. 
263 |a 8112 
264 1 |a Chicago, Ill. :  |b Council of Planning Librarians,  |c 1981. 
300 |a vii, 25 pages :  |b illustrations ;  |c 28 cm. 
336 |a text  |b txt  |2 rdacontent 
337 |a unmediated  |b n  |2 rdamedia 
338 |a volume  |b nc  |2 rdacarrier 
490 1 |a CPL bibliography ;  |v no. 69 
504 |a Bibliography: pages 21-24. 
650 0 |a Public administration. 
650 0 |a Local government  |z United States. 
830 0 |a CPL bibliography ;  |v no. 69. 
999 |a MARS 
999 f f |s 6f86b804-f48c-35f5-b717-3637bde3164f  |i e94fecb0-d355-3363-bb63-72adf194b31c  |t 0 
952 f f |p ric  |a Texas A&M University  |b Rellis Campus  |c Joint Library Facility  |d Remote Storage  |t 0  |e JF1411 .H64  |h Library of Congress classification  |i unmediated -- volume  |m A14806150274 
998 f f |a JF1411 .H64  |t 0  |l Remote Storage